000 00374nam a22001337a 4500
008 230608b xxu||||| |||| 00| 0 eng d
020 _a9966151186
082 _22
_a346.08212
_bGIC
100 _cNjaramba Gichuki
245 _aLaw of Financial Institutions in Kenya
260 _aKenya,Uganda, Tanzania
_bLawAfrica Publishing Ltd.
_c2013
300 _aXXI,297p
942 _2ddc
_cBK
999 _c859
_d859